000 01190nam a2200397 b 4500
001 02130
003 DO-SdBPM
005 20260304093218.0
007 ta
008 060921s2006 sp a ||| ||spa
017 _a
_b
020 _a9780401171
035 _a
040 _aDO-SdBPM
_bspa
_cBPMSU
_e rda
041 1 _aspa
_h
080 _a
082 0 4 _aA863.44
_bM339c 2006
_222
100 1 _aMariño, Ricardo,
_d1956-
_4aut.
_eautor
_954
245 1 3 _aLa casa maldita /
_cRicardo Mariño ; ilustraciones Jorge Sanzol.
_h
250 _a3a. ed.
260 _b
264 _aBuenos Aires, Argentina :
_bAlfaguara
_c2006.
300 _a77 páginas ;
_bilustraciones;
_c22 cm
336 _atexto
_btxt
_2rdacontent
337 _asin mediación
_bn
_2rdamedia
338 _avolumen
_bnc
_2rdacarrier
490 0 _aAlfaguara infantil
500 _aIncluye datos biográficos del autor
521 _aA partir de 10 años.
590 _aInventariado, 2026/VM
650 7 _aCuentos infantiles argentinos
650 7 _aLiteratura infantil argentina
700 1 _aSanzol, Jorge
_eilustraciones
910 _aVMateo V. Control de calidad. BPMSU
942 _2ddc
_cBK
999 _c11818
_d11818